LEADER 04367nam 2200685 450 001 9910458661103321 005 20200520144314.0 010 $a1-4426-9730-X 010 $a1-4426-9792-X 024 7 $a10.3138/9781442697928 035 $a(CKB)2560000000055867 035 $a(EBL)3272866 035 $a(SSID)ssj0000484127 035 $a(PQKBManifestationID)12147716 035 $a(PQKBTitleCode)TC0000484127 035 $a(PQKBWorkID)10588033 035 $a(PQKB)11101335 035 $a(CEL)433587 035 $a(CaBNvSL)slc00226123 035 $a(MiAaPQ)EBC3272866 035 $a(MiAaPQ)EBC4672959 035 $a(DE-B1597)465229 035 $a(OCoLC)944176532 035 $a(OCoLC)999373817 035 $a(DE-B1597)9781442697928 035 $a(Au-PeEL)EBL4672959 035 $a(CaPaEBR)ebr11258609 035 $a(OCoLC)742317607 035 $a(EXLCZ)992560000000055867 100 $a20160923h20092009 uy 0 101 0 $aeng 135 $aur|n|---||||| 181 $ctxt 182 $cc 183 $acr 200 00$aEnduring empire $eancient lessons for global politics /$fedited by David Edward Tabachnick and Toivo Koivukoski 210 1$aToronto, Ontario ;$aBuffalo, New York ;$aLondon, England :$cUniversity of Toronto Press,$d2009. 210 4$d©2009 215 $a1 online resource (254 p.) 300 $aIncludes index. 311 $a0-8020-9521-6 311 $a0-8020-9762-6 320 $aIncludes bibliographical references and index. 327 $tFrontmatter -- $tContents -- $tPreface -- $t1. In the Mirror of Antiquity: The Problem of American Empire / $rHendrickson, David C. -- $t2. Democracy and Empire: The Case of Athens / $rBagby, Laurie M. Johnson -- $t3. Empire by Invitation or Domination? The Difference between Hegemonia and Arkh? / $rTabachnick, David Edward -- $t4. The Freedom to Rule: Athenian Imperialism and Democratic Masculinity / $rBalot, Ryan K. -- $t5. Liberty and Empire, with the Benefi t of Limited Hindsight - or, What Herodotus of Halicarnassus Saw / $rOrwin, Clifford -- $t6. Empire and the Eclipse of Politics / $rBradshaw, Leah -- $t7. Imperial Compulsions / $rKoivukoski, Toivo -- $t8. Rome and the Hellenistic World: Masculinity and Militarism, Monarchy and Republic / $rEckstein, Arthur M. -- $t9. Imperial Power in the Roman Republic / $rMattern, Susan -- $t10. The Rise of Global Power and the Music of the Spheres: Philosophy and History in Cicero's De re publica / $rKellow, Geoffrey -- $t11. Machiavelli's Model of a Liberal Empire: The Evolution of Rome / $rNewell, Waller R. -- $t12. Post-9/11 Evocations of Empire in Light of Eric Voegelin's Political Science / $rHeyking, John Von -- $t13. Athens as Hamlet: The Irresolute Empire / $rStrauss, Barry -- $tContributors -- $tIndex 330 $aAn exploration of the ways in which ancient theories of empire can inform our understanding of present-day international relations, Enduring Empire engages in a serious discussion of empire as it relates to American foreign policy and global politics. The imperial power dynamics of ancient Athens and Rome provided fertile ground for the deliberations of many classical thinkers who wrote on the nature of empire: contemplating political sovereignty, autonomy, and citizenship as well as war, peace, and civilization in a world where political boundaries were strained and contested. The contributors to this collection prompt similar questions with their essays and promote a serious contemporary consideration of empire in light of the predominance of the United States and of the doctrine of liberal democracy.Featuring essays from some of the leading thinkers in the fields of political science, philosophy, history, and classics, Enduring Empire illustrates how lessons gleaned from the Athenian and Roman empires can help us to understand the imperial trajectory of global politics today. 606 $aImperialism$xHistory 606 $aImperialism$xPhilosophy 608 $aElectronic books. 615 0$aImperialism$xHistory. 615 0$aImperialism$xPhilosophy. 676 $a325/.3209 702 $aKoivukoski$b Toivo, 702 $aTabachnick$b David, 801 0$bMiAaPQ 801 1$bMiAaPQ 801 2$bMiAaPQ 906 $aBOOK 912 $a9910458661103321 996 $aEnduring empire$92027024 997 $aUNINA LEADER 00977cam2 22002893 450 001 SOBE00069456 005 20220121110947.0 010 $a3511039037 100 $a20220121d1981 |||||ita|0103 ba 101 $ager 102 $aDE 200 0 $a3$fRudolf von Jhering 205 $a2. Neudruck 210 $aAalen$cScientia$d1981 215 $aVI, 464 p.$d18 cm 300 $aRipr. facs. dell'ed.. Jena, 1886 461 1$1001SOB001702$12001 $aGesammelte Aufsätze : Aus den Jahrbüchern für die Dogmatik des heutigen römischen und deutschen Privatrechs / Rudolf von Jhering 700 1$aJhering$b, Rudolf von$3AF00008339$4070$0277497 801 0$aIT$bUNISOB$c20220121$gRICA 850 $aUNISOB 852 $aUNISOB$j340.1$m62123 912 $aSOBE00069456 940 $aM 102 Monografia moderna SBN 941 $aW 957 $a340.1$b000708$i-3$gSI$d62123$1rovito$2UNISOB$3UNISOB$420220121110904.0$520220121110934.0$6rovito 996 $a3$92572651 997 $aUNISOB LEADER 02458oam 22004694a 450 001 9910793666203321 005 20230714201901.0 010 $a2-7637-4141-X 035 $a(CKB)4100000008603102 035 $a(MiAaPQ)EBC5802253 035 $a(OCoLC)1108563217 035 $a(MdBmJHUP)muse81581 035 $a(VaAlCD)20.500.12592/qp79d4 035 $a(PPN)238413063 035 $a(EXLCZ)994100000008603102 100 $a20200213d2019 uy 0 101 0 $afre 135 $aurcnu|||||||| 181 $ctxt$2rdacontent 182 $cc$2rdamedia 183 $acr$2rdacarrier 200 13$aLa mémoire rompue. Les défis de la coexistence confessionnelle au consulat lyonnais (1563-1567)$fAriane Godbout 210 1$aQuebec :$cPresses de l'Universite Laval,$d2019. 215 $a1 online resource (xi, 176 pages) 225 0 $aCollection Autour de l'e?ve?nement 311 $a2-7637-4140-1 330 3 $a"Dans la nuit du 30 avril 1562, un vent de panique souffle sur la ville de Lyon: en l'espace de quelques heures, les protestants ont re?ussi a? se rendre mai?tres de la cite?. Cet e?ve?nement, survenant dans le contexte des guerres de religion qui de?chirent alors le royaume de France, provoque de?s lors une de?chirure confessionnelle profonde entre les Lyonnais protestants et catholiques, ces derniers quittant massivement la ville. Si le retour de la paix en 1563 et les politiques royales de pacification de?ploye?es a? ce moment contraignent la population urbaine a? mettre ses dissensions confessionnelles de co?te? pour vivre a? nouveau ensemble, de tout nouveaux de?fis se posent aux e?lites municipales. Ces dernie?res, regroupant pour la premie?re fois des catholiques et des protestants, devront non seulement apprendre a? gouverner une ville divise?e, mais tenter de surmonter leurs propres querelles pour le mieux-e?tre de la population lyonnaise."--Back cover. 410 0$aCollection Autour de l'e?ve?nement. 606 $aToleranz$2gnd 606 $aReligion$2gnd 607 $aLyon$2gnd 607 $aFrankreich$2gnd 615 7$aToleranz 615 7$aReligion 676 $a320.44409045 700 $aGodbout$b Ariane$4aut$01470002 801 0$bMdBmJHUP 801 1$bMdBmJHUP 906 $aBOOK 912 $a9910793666203321 996 $aLa mémoire rompue. Les défis de la coexistence confessionnelle au consulat lyonnais (1563-1567)$93681640 997 $aUNINA